000
00157nam a22000857a 4500
082
_a
823
100
_a
GREATHEAD, HELEN
245
_a
HOW TO BE LIVER
942
_c
BK
999
_c
8117
_d
8117